| 000 | 00832cab a2200229 4500 | ||
|---|---|---|---|
| 001 | ABS60674 | ||
| 008 | 090401t1999 xxu||||| |||| 00| 0 eng d | ||
| 035 | _a(Sirsi) u93541 | ||
| 041 | _aeng | ||
| 100 | _aCollins, M. | ||
| 245 | _aOut on the town | ||
| 260 | _c1999 | ||
| 350 | _a0 | ||
| 490 |
_aLeisure Management _v19(5) May 1999, 42-43(2) |
||
| 520 | _aConsiders the issues affecting the cinemas market which were discussed at the recent Cinemas in the Community conference. Looks at development and market opportunities in the UK, and the issue of transport. Suggests that town centre sites may be the future as planning issues restrict the cinemas market. | ||
| 650 | _aCINEMAS | ||
| 650 | _aLEISURE MARKET | ||
| 650 | _aPLANNING ISSUES | ||
| 690 | _aLEISURE AND RECREATION | ||
| 942 | _n0 | ||
| 948 | _c24/05/1999 | ||
| 999 |
_c59275 _d59275 |
||